00696nam a2200241 a 4500001001300000003000900013005001700022008004100039020000900080082001800089100001900107245001900126260004300145300000900188500003500197505003700232650001900269700001900288902000800307942000700315952011700322999001500439nice12345678IN_TiNIC20260116012518.0050524s1973 hyda grp 000 0 urd  ac1000a891.4391bWAH aWaheed, Akhtar aShab Ka Razmia aHyderabadbMaktaba Sher-O-Hikmatc1973 a176p aincludes index and biblioraphy2 aGlossary, Bibliography and index aUrdu-Philology1 aWaheed, Akhtar bSRS cBK 001040708StackRoom-aHMIbHMId2007-05-30g10.00l0o891.4391 WAHp011482r2007-05-30v10.00w2005-05-24yBK c7299d7299